00434nam a2200157Ia 450000100040000000500170000400800410002104100080006208200150007010000460008524500870013126000090021830000330022765000080026065400080026894420260306140555.0260306t2006||||xx |||||||||||||| ||spa|| aESP a174.4bH44 aHernandez Baqueiro, Alberto (coord.)eAUT 0aÉtica actual y profesional:blecturas para la convivencia global en el siglo XXI c2006 axii, 460 páginas :c24 cm. aGEN aCHU